| 000 -LEADER |
| fixed length control field |
00434nam a22001577a 4500 |
| 008 - FIXED-LENGTH DATA ELEMENTS--GENERAL INFORMATION |
| fixed length control field |
150624b xxu||||| |||| 00| 0 eng d |
| 020 ## - INTERNATIONAL STANDARD BOOK NUMBER |
| International Standard Book Number |
|
| 041 0# - LANGUAGE CODE |
| Language code of text/sound track or separate title |
eng |
| 080 ## - UNIVERSAL DECIMAL CLASSIFICATION NUMBER |
| Universal Decimal Classification number |
338 |
| 245 ## - TITLE STATEMENT |
| Title |
Business Classics: Fifteen Key Concepts for Managerial Success / |
| Statement of responsibility, etc |
Harvard Business Review. |
| 260 ## - |
| -- |
U.S.A.: |
| -- |
Harvard College; |
| -- |
1991. |
| 300 ## - |
| -- |
181 f.: |
| -- |
me il.; |
| -- |
25 cm. |
| 650 #0 - |
| -- |
Biznes |
| 650 #0 - |
| -- |
Organizim |
| 942 ## - ADDED ENTRY ELEMENTS (KOHA) |
| Source of classification or shelving scheme |
|
| Item type |
Books |